<?xml version="1.0" encoding="UTF-8"?>
<record
    xmlns:xsi="http://www.w3.org/2001/XMLSchema-instance"
    xsi:schemaLocation="http://www.loc.gov/MARC21/slim http://www.loc.gov/standards/marcxml/schema/MARC21slim.xsd"
    xmlns="http://www.loc.gov/MARC21/slim">

  <leader>01561nam0a2200397   4500</leader>
  <controlfield tag="001">RU\NLR\bibl\1123790</controlfield>
  <controlfield tag="005">20260406070045.0</controlfield>
  <datafield tag="010" ind1=" " ind2=" ">
    <subfield code="a">978-5-93457-169-7</subfield>
    <subfield code="9">10000</subfield>
  </datafield>
  <datafield tag="021" ind1=" " ind2=" ">
    <subfield code="a">RU</subfield>
    <subfield code="b">2007-48208</subfield>
    <subfield code="9">2560</subfield>
  </datafield>
  <datafield tag="035" ind1=" " ind2=" ">
    <subfield code="a">(nilc)EL/0000139528</subfield>
  </datafield>
  <datafield tag="035" ind1=" " ind2=" ">
    <subfield code="a">RUM0031828</subfield>
  </datafield>
  <datafield tag="035" ind1=" " ind2=" ">
    <subfield code="a">(NLR Aleph) 001110739</subfield>
  </datafield>
  <datafield tag="090" ind1=" " ind2=" ">
    <subfield code="a">1236468</subfield>
    <subfield code="c">1236468</subfield>
  </datafield>
  <datafield tag="100" ind1=" " ind2=" ">
    <subfield code="a">20070725d2007    |||y0rusy50      ca</subfield>
  </datafield>
  <datafield tag="101" ind1="0" ind2=" ">
    <subfield code="a">rus</subfield>
  </datafield>
  <datafield tag="102" ind1=" " ind2=" ">
    <subfield code="a">RU</subfield>
  </datafield>
  <datafield tag="105" ind1=" " ind2=" ">
    <subfield code="a">a   z   |||||</subfield>
  </datafield>
  <datafield tag="200" ind1="1" ind2=" ">
    <subfield code="a">&#x420;&#x43E;&#x437;&#x44B;</subfield>
    <subfield code="e">33 &#x43D;&#x430;&#x434;&#x435;&#x436;&#x43D;&#x44B;&#x445; &#x441;&#x43E;&#x440;&#x442;&#x430; &#x434;&#x43B;&#x44F; &#x432;&#x430;&#x448;&#x435;&#x433;&#x43E; &#x441;&#x430;&#x434;&#x430;</subfield>
    <subfield code="f">&#x41D;&#x430;&#x442;&#x430;&#x43B;&#x44C;&#x44F; &#x410;&#x43D;&#x437;&#x438;&#x433;&#x438;&#x442;&#x43E;&#x432;&#x430;</subfield>
  </datafield>
  <datafield tag="210" ind1=" " ind2=" ">
    <subfield code="a">&#x41C;&#x43E;&#x441;&#x43A;&#x432;&#x430;</subfield>
    <subfield code="c">&#x424;&#x438;&#x442;&#x43E;&#x43D;+</subfield>
    <subfield code="d">2007</subfield>
  </datafield>
  <datafield tag="215" ind1=" " ind2=" ">
    <subfield code="a">32 &#x441;.</subfield>
    <subfield code="c">&#x446;&#x432;. &#x438;&#x43B;.</subfield>
    <subfield code="d">22</subfield>
  </datafield>
  <datafield tag="225" ind1="1" ind2=" ">
    <subfield code="a">&#x428;&#x43A;&#x43E;&#x43B;&#x430; &#x441;&#x430;&#x434;&#x43E;&#x432;&#x43D;&#x438;&#x43A;&#x430;</subfield>
  </datafield>
  <datafield tag="606" ind1="1" ind2=" ">
    <subfield code="a">&#x420;&#x43E;&#x437;&#x44B;</subfield>
    <subfield code="x">&#x421;&#x43E;&#x440;&#x442;&#x430;</subfield>
    <subfield code="9">1567092</subfield>
    <subfield code="3">RU\NLR\auth\66986063</subfield>
  </datafield>
  <datafield tag="606" ind1="1" ind2=" ">
    <subfield code="a">&#x420;&#x43E;&#x437;&#x44B;</subfield>
    <subfield code="x">&#x41A;&#x443;&#x43B;&#x44C;&#x442;&#x443;&#x440;&#x430; &#x43D;&#x430; &#x43F;&#x440;&#x438;&#x443;&#x441;&#x430;&#x434;&#x435;&#x431;&#x43D;&#x44B;&#x445; &#x443;&#x447;&#x430;&#x441;&#x442;&#x43A;&#x430;&#x445;</subfield>
    <subfield code="9">2237761</subfield>
    <subfield code="3">RU\NLR\auth\661342901</subfield>
  </datafield>
  <datafield tag="610" ind1="0" ind2=" ">
    <subfield code="a">&#x440;&#x43E;&#x437;&#x430;</subfield>
    <subfield code="a">Rosa</subfield>
    <subfield code="a">&#x443;&#x441;&#x442;&#x43E;&#x439;&#x447;&#x438;&#x432;&#x44B;&#x435; &#x441;&#x43E;&#x440;&#x442;&#x430;</subfield>
    <subfield code="a">&#x430;&#x433;&#x440;&#x43E;&#x431;&#x438;&#x43E;&#x43B;&#x43E;&#x433;&#x438;&#x447;&#x435;&#x441;&#x43A;&#x430;&#x44F; &#x445;&#x430;&#x440;&#x430;&#x43A;&#x442;&#x435;&#x440;&#x438;&#x441;&#x442;&#x438;&#x43A;&#x430;</subfield>
    <subfield code="a">&#x43F;&#x440;&#x438;&#x443;&#x441;&#x430;&#x434;&#x435;&#x431;&#x43D;&#x44B;&#x435; &#x443;&#x447;&#x430;&#x441;&#x442;&#x43A;&#x438;</subfield>
  </datafield>
  <datafield tag="675" ind1=" " ind2=" ">
    <subfield code="a">635.9:582.711.71</subfield>
    <subfield code="v">4</subfield>
  </datafield>
  <datafield tag="686" ind1=" " ind2=" ">
    <subfield code="a">75.35.35.25</subfield>
    <subfield code="2">rugasnti</subfield>
  </datafield>
  <datafield tag="686" ind1=" " ind2=" ">
    <subfield code="a">68.35.57.47.55</subfield>
    <subfield code="2">rugasnti</subfield>
  </datafield>
  <datafield tag="686" ind1=" " ind2=" ">
    <subfield code="a">&#x41F;275.9&#x440;&#x43E;&#x437;&#x44B;-36</subfield>
  </datafield>
  <datafield tag="686" ind1=" " ind2=" ">
    <subfield code="a">&#x41F;275.9&#x440;&#x43E;&#x437;&#x44B;-4</subfield>
  </datafield>
  <datafield tag="700" ind1=" " ind2="1">
    <subfield code="4">070</subfield>
    <subfield code="8">rus</subfield>
    <subfield code="7">ca</subfield>
    <subfield code="a">&#x410;&#x43D;&#x437;&#x438;&#x433;&#x438;&#x442;&#x43E;&#x432;&#x430;</subfield>
    <subfield code="b">&#x41D;.&#x412;.</subfield>
    <subfield code="g">&#x41D;&#x430;&#x442;&#x430;&#x43B;&#x44C;&#x44F; &#x412;&#x430;&#x43B;&#x435;&#x440;&#x44C;&#x435;&#x432;&#x43D;&#x430;</subfield>
    <subfield code="3">RU\NLR\auth\7715425</subfield>
    <subfield code="9">125074</subfield>
  </datafield>
  <datafield tag="801" ind1=" " ind2="0">
    <subfield code="a">RU</subfield>
    <subfield code="b">&#x426;&#x41D;&#x421;&#x425;&#x411; &#x420;&#x410;&#x421;&#x425;&#x41D;</subfield>
    <subfield code="c">20070725</subfield>
    <subfield code="g">RCR</subfield>
  </datafield>
  <datafield tag="801" ind1=" " ind2="1">
    <subfield code="a">RU</subfield>
    <subfield code="b">&#x426;&#x41D;&#x421;&#x425;&#x411; &#x420;&#x410;&#x421;&#x425;&#x41D;</subfield>
    <subfield code="c">20070822</subfield>
  </datafield>
  <datafield tag="801" ind1=" " ind2="2">
    <subfield code="a">RU</subfield>
    <subfield code="b">NLR</subfield>
    <subfield code="c">20070904</subfield>
    <subfield code="g">rcr</subfield>
  </datafield>
  <datafield tag="942" ind1=" " ind2=" ">
    <subfield code="c">BOOK</subfield>
  </datafield>
  <datafield tag="980" ind1=" " ind2=" ">
    <subfield code="a">NB</subfield>
  </datafield>
  <datafield tag="995" ind1=" " ind2=" ">
    <subfield code="5">2007-09-04</subfield>
    <subfield code="a">ad</subfield>
    <subfield code="b">NLR01</subfield>
    <subfield code="c">NLR01</subfield>
    <subfield code="e">RF9</subfield>
    <subfield code="f">2498612</subfield>
    <subfield code="k">2007-6/1236</subfield>
    <subfield code="o">0</subfield>
    <subfield code="r">BOOK</subfield>
    <subfield code="s">200761236_</subfield>
  </datafield>
  <datafield tag="995" ind1=" " ind2=" ">
    <subfield code="5">2007-09-04</subfield>
    <subfield code="a">ad</subfield>
    <subfield code="b">NLR01</subfield>
    <subfield code="c">NLR01</subfield>
    <subfield code="e">RF9</subfield>
    <subfield code="f">2498613</subfield>
    <subfield code="k">2007-6/1236</subfield>
    <subfield code="o">0</subfield>
    <subfield code="r">BOOK</subfield>
    <subfield code="s">200761236_</subfield>
  </datafield>
</record>
